000 00724nab a2200253 a 4500
001 62462
003 134835
005 20201118105934.0
008 ||||||n9999 ||| || ||
041 _aspa
100 _aSanchez Soler, Maria Dolores
245 0 _aPoliticas nacionales de educacion superior en las fronteras de Mexico
260 _aMéxico :
_bBanco Nacional de Comercio Exterior,
_c1998.
300 _app.391-398
562 _e0
650 _aANALISIS DE POLITICAS
650 _aCIUDADES FRONTERIZAS
650 _aEDUCACIÓN SUPERIOR
650 _aMÉXICO
650 _aPOLÍTICA EDUCATIVA
650 _aSUBSIDIOS ESTATALES
773 _059599
_aComercio Exterior - Vol.48 No.5
942 _cSART
999 _c62462
_d62462